000 00335 a2200145 4500
001 151260
040 _cEscola São Tomás de Aquino
100 _aMAZZETTI, Maria
240 1 0 _aEstá quente está frio
_lpor
245 1 0 _aEstá quente está frio
300 _a12
440 1 _aBakana
697 _a*LITERATURA INFANTO
942 _cBK
999 _c151260
_d151260